[Event "18sen.Bay.EM2006 Schney op"]
[Site "Schloss Schney (25.6.-3.7)"]
[Date "2006.06.28"]
[Round "4.29"]
[White "Weschke, Wolfgang++"]
[Black "Antusch, Ingrid++"]
[Result "1-0"]
[WhiteElo "2114"]
[BlackElo "1446"]
[PlyCount "89"]
[EventDate "2006.07.??"]
[Source "Ganslmayer"]
[SourceDate "2012.12.20"]

1. Nf3 d5 2. c4 e6 3. e3 f5 4. Qc2 Bd6 5. d4 Nf6 6. a3 Ne4 7. Bd2 O-O 8. Nc3 c6
9. cxd5 exd5 10. b4 a6 11. Bd3 Nd7 12. Qb3 Qe7 13. Qc2 g5 14. Na4 g4 15. Ng1
Rf7 16. Ne2 Qh4 17. Bxe4 fxe4 18. Nf4 Bxf4 19. exf4 Nf6 20. Be3 Nh5 21. g3 Qf6
22. Nb6 Rb8 23. Qc5 Ng7 24. Na4 Bf5 25. Kd2 Ne6 26. Qc3 Nc7 27. Rac1 Nb5 28.
Qa1 Bd7 29. Nc5 Nd6 30. Nxd7 Rxd7 31. h3 Qg7 32. Rc3 Nc4+ 33. Kc2 gxh3 34. Qd1
Qh6 35. Qg4+ Rg7 36. Qe2 Qe6 37. Bc1 Rg6 38. Qf1 Rh6 39. Qe2 Nd6 40. g4 h2 41.
f5 Qf7 42. Bxh6 Re8 43. Rxh2 Qf6 44. Qe3 Nc4 45. Qg5+ 1-0

[Event "18sen.Bay.EM2006 Schney op"]
[Site "Schloss Schney (25.6.-3.7)"]
[Date "2006.06.28"]
[Round "4.42"]
[White "Straesser, Gerda"]
[Black "Mueller, Lothar(27)"]
[Result "1-0"]
[WhiteElo "1539"]
[BlackElo "1412"]
[PlyCount "45"]
[EventDate "2006.07.??"]
[Source "Ganslmayer"]
[SourceDate "2012.12.20"]

1. e4 d5 2. exd5 Nf6 3. Nc3 Nxd5 4. Nxd5 Qxd5 5. d4 Bf5 6. Nf3 Nc6 7. c3 O-O-O
8. Be2 h5 9. O-O f6 10. Qa4 Bd7 11. Rd1 Qe4 12. Bd3 Qg4 13. h3 Nxd4 14. Qxd4
Qxd4 15. Nxd4 g5 16. Be3 g4 17. h4 e5 18. Nf5 b6 19. Rd2 Bc5 20. Bxc5 bxc5 21.
Rad1 Be6 22. Ba6+ Kb8 23. Rxd8+ 1-0

[Event "18sen.Bay.EM2006 Schney op"]
[Site "Schloss Schney (25.6.-3.7)"]
[Date "2006.06.28"]
[Round "4.1"]
[White "Fischer, Gerd(41)"]
[Black "Oechslein, Rainer"]
[Result "1/2-1/2"]
[WhiteElo "2092"]
[BlackElo "2176"]
[PlyCount "38"]
[EventDate "2006.07.??"]
[Source "Ganslmayer"]
[SourceDate "2012.12.20"]

1. e4 e5 2. Nf3 Nc6 3. d4 exd4 4. Nxd4 Bc5 5. Be3 Qf6 6. c3 Nge7 7. Qf3 Nxd4 8.
Qxf6 Nc2+ 9. Kd2 Bxe3+ 10. fxe3 gxf6 11. Kxc2 Rg8 12. Nd2 d6 13. g3 Ng6 14. Be2
Ne5 15. Raf1 Ke7 16. Rf4 Be6 17. Rhf1 Rg6 18. Bh5 Rg5 19. Be2 Rg6 1/2-1/2

[Event "18sen.Bay.EM2006 Schney op"]
[Site "Schloss Schney (25.6.-3.7)"]
[Date "2006.06.28"]
[Round "4.2"]
[White "Hein, Manfred(36)"]
[Black "Schmidt, Gerhard(40)"]
[Result "1/2-1/2"]
[WhiteElo "2021"]
[BlackElo "2139"]
[PlyCount "67"]
[EventDate "2006.07.??"]
[Source "Ganslmayer"]
[SourceDate "2012.12.20"]

1. e4 c5 2. Nf3 d6 3. d4 cxd4 4. Nxd4 Nf6 5. Nc3 a6 6. f3 e5 7. Nb3 Be6 8. Be3
Be7 9. Be2 O-O 10. Qd2 Qc7 11. O-O Nbd7 12. Rfd1 b5 13. Bf1 Nb6 14. Qf2 Rab8
15. Bxb6 Rxb6 16. Qd2 Rc8 17. Rac1 h6 18. g4 Nd7 19. Nd5 Bxd5 20. Qxd5 Bg5 21.
Nd2 Nf6 22. Qd3 Qc5+ 23. Kh1 d5 24. exd5 Qxd5 25. Rb1 Qc5 26. c3 Rd6 27. Qe2
Rcd8 28. Nb3 Qb6 29. Rxd6 Qxd6 30. Re1 Bf4 31. c4 bxc4 32. Qxc4 a5 33. Qc5 Qxc5
34. Nxc5 1/2-1/2

[Event "18sen.Bay.EM2006 Schney op"]
[Site "Schloss Schney (25.6.-3.7)"]
[Date "2006.06.28"]
[Round "4.4"]
[White "Kraft, Hans(32)"]
[Black "Walkewitz, Hubert"]
[Result "0-1"]
[WhiteElo "1981"]
[BlackElo "2182"]
[PlyCount "86"]
[EventDate "2006.07.??"]
[Source "Ganslmayer"]
[SourceDate "2012.12.20"]

1. e4 d5 2. exd5 Qxd5 3. d4 Nf6 4. c4 Qd8 5. Nf3 c6 6. Nc3 Bf5 7. Bf4 e6 8. Bd3
Bxd3 9. Qxd3 Bd6 10. Bg5 Nbd7 11. O-O O-O 12. Rfe1 a6 13. Rad1 h6 14. Bh4 b5
15. c5 Be7 16. b4 a5 17. a3 axb4 18. axb4 Ra3 19. Qc2 Qa8 20. Ne5 Bd8 21. Qb2
Nxe5 22. dxe5 Nd5 23. Nxd5 exd5 24. Bg3 Re8 25. Ra1 Rxa1 26. Rxa1 Qc8 27. Qd4
f6 28. Re1 fxe5 29. Rxe5 Bf6 30. Rxe8+ Qxe8 31. Qd2 Qe4 32. h3 Qd4 33. Bf4 Kf7
34. Qxd4 Bxd4 35. Bd2 Ke6 36. Kf1 Kf5 37. g4+ Ke4 38. Ke2 Be5 39. f3+ Kd4 40.
f4 Bf6 41. Be1 Ke4 42. Bd2 Bd8 43. g5 h5 0-1

[Event "18sen.Bay.EM2006 Schney op"]
[Site "Schloss Schney (25.6.-3.7)"]
[Date "2006.06.28"]
[Round "4.5"]
[White "Goy, Udo"]
[Black "Geisensetter, Franz"]
[Result "1/2-1/2"]
[WhiteElo "2107"]
[BlackElo "1992"]
[PlyCount "73"]
[EventDate "2006.07.??"]
[Source "Ganslmayer"]
[SourceDate "2012.12.20"]

1. d4 Nf6 2. c4 e5 3. dxe5 Ng4 4. Bf4 Nc6 5. Nf3 Bb4+ 6. Nc3 Qe7 7. Qd5 f6 8.
exf6 Nxf6 9. Qd3 O-O 10. e3 Ne4 11. Be2 d6 12. O-O Bxc3 13. bxc3 Bf5 14. Qd5+
Kh8 15. Rac1 Bg6 16. Bg3 Rae8 17. Nd4 Nd8 18. Qa5 a6 19. Rcd1 b6 20. Qa3 Nf7
21. Bd3 Nxg3 22. hxg3 Bxd3 23. Rxd3 Ne5 24. Rdd1 Nxc4 25. Qxa6 Qf7 26. Qb5 Re5
27. Qc6 Rh5 28. Qf3 Qe8 29. Qg4 Ne5 30. Qe6 Qd8 31. g4 Rh6 32. f4 Rff6 33. Qd5
Nxg4 34. Rf3 Rf8 35. Rdf1 Qd7 36. Rg3 c5 37. Qc6 1/2-1/2

[Event "18sen.Bay.EM2006 Schney op"]
[Site "Schloss Schney (25.6.-3.7)"]
[Date "2006.06.28"]
[Round "4.6"]
[White "Wimmer, Herbert"]
[Black "Schmidt, Walter(43)"]
[Result "1/2-1/2"]
[WhiteElo "2114"]
[BlackElo "1881"]
[PlyCount "120"]
[EventDate "2006.07.??"]
[Source "Ganslmayer"]
[SourceDate "2012.12.20"]

1. Nf3 d5 2. b3 Nf6 3. e3 g6 4. Bb2 Bg7 5. c4 c6 6. Be2 O-O 7. O-O Re8 8. d4
Bg4 9. h3 Bxf3 10. Bxf3 Nbd7 11. cxd5 cxd5 12. Nc3 Nb6 13. Rc1 a6 14. Qe2 e6
15. Rc2 Rc8 16. Rfc1 Qd7 17. a4 Bf8 18. a5 Na8 19. Na4 Rxc2 20. Qxc2 Bd6 21.
Nc5 Qe7 22. b4 Rb8 23. Qb3 Nc7 24. Be2 b6 25. axb6 Rxb6 26. Qa4 Kg7 27. Bc3 Qd8
28. Nxa6 Nxa6 29. Bxa6 Bb8 30. Bd3 Qd6 31. g3 h5 32. b5 Rb7 33. Bb4 Qd7 34. Qc2
e5 35. Qc8 Qxc8 36. Rxc8 exd4 37. exd4 Ne4 38. Rd8 Nf6 39. Bf8+ Kh7 40. Bc5 Bc7
41. Rc8 Nd7 42. Re8 Kg7 43. Re7 Bd8 44. Re8 Bc7 45. Re2 Bb6 46. Rc2 Nf8 47.
Bxb6 Rxb6 48. Rc6 Rxc6 49. bxc6 Ne6 50. Bc2 Kf8 51. Bb3 Nc7 52. Kg2 Ke7 53. Kf3
Kd6 54. Ba4 Ne6 55. Ke3 f6 56. g4 hxg4 57. hxg4 g5 58. Kd3 Nf4+ 59. Kd2 Ne6 60.
Kc3 Kc7 1/2-1/2

[Event "18sen.Bay.EM2006 Schney op"]
[Site "Schloss Schney (25.6.-3.7)"]
[Date "2006.06.28"]
[Round "4.7"]
[White "Jaenig, Reinhard"]
[Black "Walther, Diethelm"]
[Result "1/2-1/2"]
[WhiteElo "2021"]
[BlackElo "2036"]
[PlyCount "30"]
[EventDate "2006.07.??"]
[Source "Ganslmayer"]
[SourceDate "2012.12.20"]

1. e4 c5 2. Nf3 Nc6 3. d4 cxd4 4. Nxd4 g6 5. Nc3 Bg7 6. Be3 Nf6 7. Bc4 Qa5 8.
O-O d6 9. Bb5 Bd7 10. Nb3 Qd8 11. h3 O-O 12. Qd2 a6 13. Be2 b5 14. a3 Qc7 15.
Bh6 Be6 1/2-1/2

[Event "18sen.Bay.EM2006 Schney op"]
[Site "Schloss Schney (25.6.-3.7)"]
[Date "2006.06.28"]
[Round "4.8"]
[White "Schulz, Wolfgang(32)"]
[Black "Krafzik, Joachim"]
[Result "1-0"]
[WhiteElo "2035"]
[BlackElo "1841"]
[PlyCount "107"]
[EventDate "2006.07.??"]
[Source "Ganslmayer"]
[SourceDate "2012.12.20"]

1. d4 e6 2. e4 d5 3. Nd2 c5 4. exd5 exd5 5. Bb5+ Nc6 6. Qe2+ Be7 7. Ngf3 Nf6 8.
O-O O-O 9. dxc5 Bxc5 10. Nb3 Bb6 11. Bg5 Qd6 12. Bh4 Bg4 13. Bg3 Qd8 14. h3 Bh5
15. Bh4 a6 16. Bd3 Re8 17. Qd1 Qd6 18. Be2 Bc7 19. Bg3 Qd7 20. Bxc7 Qxc7 21. c3
Rad8 22. Re1 Qb6 23. Nfd4 Bxe2 24. Rxe2 Re4 25. f3 Rxe2 26. Qxe2 Re8 27. Qf2
Qc7 28. Re1 Rxe1+ 29. Qxe1 Nxd4 30. Nxd4 Kf8 31. Nf5 h6 32. Qe3 b6 33. Kf2 a5
34. g3 Ne8 35. Qd4 Qc6 36. g4 f6 37. Qe3 Qc7 38. Kg2 Nd6 39. Nd4 Qe7 40. Qe6
Nc4 41. b3 Na3 42. Qxd5 Nc2 43. Ne6+ Ke8 44. Nxg7+ Qxg7 45. Qe4+ Kf8 46. Qxc2
Qe7 47. c4 Kg7 48. Qe4 Qb4 49. Qd3 Qe7 50. h4 Qc7 51. h5 Qe7 52. Qg6+ Kf8 53.
Qxh6+ Ke8 54. Kf2 1-0

[Event "18sen.Bay.EM2006 Schney op"]
[Site "Schloss Schney (25.6.-3.7)"]
[Date "2006.06.28"]
[Round "4.9"]
[White "Petzold, Hans ProfDr(36)"]
[Black "Pietruske, Siegfried"]
[Result "1/2-1/2"]
[WhiteElo "2023"]
[BlackElo "1819"]
[PlyCount "47"]
[EventDate "2006.07.??"]
[Source "Ganslmayer"]
[SourceDate "2012.12.20"]

1. e4 e5 2. Nf3 Nc6 3. Bb5 a6 4. Ba4 d6 5. c3 Bd7 6. d3 g6 7. Nbd2 Bg7 8. Nf1
Nf6 9. Bg5 h6 10. Be3 O-O 11. h3 Qe7 12. Qd2 Kh7 13. g4 Ng8 14. g5 h5 15. Ng3
f5 16. gxf6 Bxf6 17. Ng5+ Bxg5 18. Bxg5 Qf7 19. Bc2 Nd8 20. Rh2 Ne6 21. Bb3 Qf3
22. Bd1 Qf7 23. Bb3 Qf3 24. Bd1 1/2-1/2

[Event "18sen.Bay.EM2006 Schney op"]
[Site "Schloss Schney (25.6.-3.7)"]
[Date "2006.06.28"]
[Round "4.10"]
[White "Theuermeister, Peter"]
[Black "Kahn, Peter"]
[Result "0-1"]
[WhiteElo "1752"]
[BlackElo "2023"]
[PlyCount "80"]
[EventDate "2006.07.??"]
[Source "Ganslmayer"]
[SourceDate "2012.12.20"]

1. e4 e5 2. Nf3 Nc6 3. d4 exd4 4. Bc4 Nf6 5. Bg5 Be7 6. Nxd4 Nxe4 7. Nxc6 bxc6
8. Bxe7 Qxe7 9. O-O O-O 10. Bd3 Nf6 11. Nd2 d5 12. Re1 Qd6 13. h3 Bd7 14. Nf3
Rab8 15. b3 Rfe8 16. Qd2 c5 17. Rxe8+ Rxe8 18. Re1 Ne4 19. Qc1 f5 20. c4 d4 21.
Nd2 Qf4 22. Nxe4 Qxc1 23. Nf6+ Kf7 24. Rxc1 Kxf6 25. Kf1 g5 26. Re1 Re5 27.
Rxe5 Kxe5 28. f3 h5 29. Kf2 h4 30. Bb1 g4 31. hxg4 fxg4 32. fxg4 Bxg4 33. Bd3
Kf4 34. Bb1 Bd7 35. Bd3 Bc6 36. Bb1 Be4 37. Bxe4 Kxe4 38. Ke2 d3+ 39. Kd2 Kd4
40. Kd1 Ke3 0-1

[Event "18sen.Bay.EM2006 Schney op"]
[Site "Schloss Schney (25.6.-3.7)"]
[Date "2006.06.28"]
[Round "4.11"]
[White "Schurig, Wilhelm"]
[Black "Fels, Karl-Heinz"]
[Result "1-0"]
[WhiteElo "2023"]
[BlackElo "1766"]
[PlyCount "61"]
[EventDate "2006.07.??"]
[Source "Ganslmayer"]
[SourceDate "2012.12.20"]

1. Nf3 d5 2. g3 Nf6 3. Bg2 e6 4. O-O c5 5. d3 Nc6 6. Nbd2 Be7 7. c3 O-O 8. e4
dxe4 9. dxe4 Qc7 10. Qe2 e5 11. h3 Rd8 12. Nc4 h6 13. Nh2 Be6 14. Ne3 Rd7 15.
f4 exf4 16. gxf4 Rdd8 17. f5 Bd7 18. Neg4 Ne5 19. Nxe5 Bd6 20. Neg4 Nh5 21.
Nxh6+ gxh6 22. Qxh5 Bxh2+ 23. Kh1 Be5 24. Bxh6 Bf6 25. Bf4 Qb6 26. Bf3 Kf8 27.
e5 Bg7 28. f6 Bxf6 29. exf6 Qxf6 30. Bg5 Qg6 31. Qxg6 1-0

[Event "18sen.Bay.EM2006 Schney op"]
[Site "Schloss Schney (25.6.-3.7)"]
[Date "2006.06.28"]
[Round "4.12"]
[White "Hamm, Georg Dr"]
[Black "Claus, Joachim"]
[Result "1/2-1/2"]
[WhiteElo "1950"]
[BlackElo "1765"]
[PlyCount "78"]
[EventDate "2006.07.??"]
[Source "Ganslmayer"]
[SourceDate "2012.12.20"]

1. d4 Nf6 2. c4 g6 3. Nc3 d5 4. Bg5 Ne4 5. Nxe4 dxe4 6. e3 Bg7 7. Qd2 c5 8. Ne2
cxd4 9. exd4 h6 10. Be3 Nd7 11. h3 b6 12. Nc3 f5 13. Be2 e5 14. g3 exd4 15.
Bxd4 Bxd4 16. Qxd4 Nf6 17. Qe3 Bd7 18. O-O-O Qe7 19. Rd2 Rc8 20. Kb1 Qc5 21.
Rd4 Rh7 22. Rhd1 Bc6 23. Qd2 Qe7 24. Nd5 Bxd5 25. cxd5 Qd6 26. Bb5+ Kd8 27. Bc6
Rcc7 28. Rc1 g5 29. Rdc4 Nd7 30. Bxd7 Rhxd7 31. Qd4 Rxc4 32. Rxc4 Qxd5 33. Qf6+
Ke8 34. Rc8+ Rd8 35. Qh8+ Ke7 36. Rxd8 Qxd8 37. Qe5+ Kf7 38. Qxf5+ Qf6 39. Qd5+
Qe6 1/2-1/2

[Event "18sen.Bay.EM2006 Schney op"]
[Site "Schloss Schney (25.6.-3.7)"]
[Date "2006.06.28"]
[Round "4.13"]
[White "Rost van Tonningen, Otto"]
[Black "Kude, Klaus-Peter"]
[Result "1-0"]
[WhiteElo "1958"]
[BlackElo "1757"]
[PlyCount "33"]
[EventDate "2006.07.??"]
[Source "Ganslmayer"]
[SourceDate "2012.12.20"]

1. Nc3 e5 2. Nf3 Nc6 3. e4 Nf6 4. d4 exd4 5. Nd5 d6 6. Nxd4 Be7 7. Nxc6 bxc6 8.
Nxe7 Qxe7 9. Bd3 Nxe4 10. O-O Nc5 11. Re1 Be6 12. Bf5 O-O 13. Be3 Nd7 14. Bd4
Nb6 15. b3 Qd7 16. Qg4 g6 17. Rxe6 1-0

[Event "18sen.Bay.EM2006 Schney op"]
[Site "Schloss Schney (25.6.-3.7)"]
[Date "2006.06.28"]
[Round "4.14"]
[White "Anliker, Peter"]
[Black "Baumann, Walter(27)"]
[Result "1-0"]
[WhiteElo "1947"]
[BlackElo "1701"]
[PlyCount "41"]
[EventDate "2006.07.??"]
[Source "Ganslmayer"]
[SourceDate "2012.12.20"]

1. d4 Nf6 2. Nf3 g6 3. c4 Bg7 4. Nc3 O-O 5. e4 d6 6. Be2 c5 7. d5 Na6 8. O-O
Bd7 9. Ne1 Ne8 10. Be3 f5 11. Qd2 fxe4 12. Nxe4 Nf6 13. Ng3 e5 14. dxe6 Bxe6
15. Rd1 Ne8 16. Ne4 Qh4 17. Ng5 Bg4 18. Qd5+ Kh8 19. Nef3 Qh5 20. h3 Bxf3 21.
Bxf3 1-0

[Event "18sen.Bay.EM2006 Schney op"]
[Site "Schloss Schney (25.6.-3.7)"]
[Date "2006.06.28"]
[Round "4.15"]
[White "Wolf, Reinhard(37)"]
[Black "Romanow, Werner"]
[Result "0-1"]
[WhiteElo "1698"]
[BlackElo "1966"]
[PlyCount "66"]
[EventDate "2006.07.??"]
[Source "Ganslmayer"]
[SourceDate "2012.12.20"]

1. d4 d5 2. c4 c6 3. Nc3 Nf6 4. Nf3 e6 5. e3 Nbd7 6. cxd5 exd5 7. Bd3 Bd6 8.
O-O O-O 9. e4 dxe4 10. Bxe4 Nxe4 11. Nxe4 Be7 12. h3 Nf6 13. Ng3 h6 14. Be3 Qd5
15. Ne2 Qb5 16. b3 Nd5 17. Bd2 Be6 18. Nf4 Nxf4 19. Bxf4 Rad8 20. Qc1 Rd5 21.
Qe3 Rfd8 22. a4 Qa6 23. Rfb1 Bb4 24. g4 Qa5 25. Qe2 Bc3 26. Ra2 Bxd4 27. b4 Qb6
28. Nxd4 Qxd4 29. Be3 Qe4 30. Rab2 Re5 31. Kh2 Bd5 32. Rg1 Ree8 33. Kg3 Qe5+
0-1

[Event "18sen.Bay.EM2006 Schney op"]
[Site "Schloss Schney (25.6.-3.7)"]
[Date "2006.06.28"]
[Round "4.16"]
[White "Schmidt, Wolfgang(38)"]
[Black "Mueller, Helmut(05.35)++"]
[Result "1/2-1/2"]
[WhiteElo "1627"]
[BlackElo "1850"]
[PlyCount "61"]
[EventDate "2006.07.??"]
[Source "Ganslmayer"]
[SourceDate "2012.12.20"]

1. e4 c5 2. d4 cxd4 3. Nf3 d6 4. c3 Nf6 5. Bd3 dxc3 6. Nxc3 g6 7. Bd2 Bg7 8.
Rc1 O-O 9. Bb1 Nc6 10. h3 Bd7 11. a3 Rc8 12. Be3 b6 13. Qd2 Na5 14. Qe2 Be6 15.
Nd2 Qd7 16. O-O Qb7 17. Bd3 Rc7 18. Nb5 Rxc1 19. Rxc1 Rc8 20. Rxc8+ Bxc8 21.
Nc3 Nc6 22. f4 Nd7 23. Nd5 Bxb2 24. Bb5 Bf6 25. Qc4 Ncb8 26. Nxf6+ Nxf6 27. Qd3
Nbd7 28. e5 Qd5 29. exf6 Qxd3 30. Bxd3 Nxf6 31. Ne4 1/2-1/2

[Event "18sen.Bay.EM2006 Schney op"]
[Site "Schloss Schney (25.6.-3.7)"]
[Date "2006.06.28"]
[Round "4.17"]
[White "Kunath, Werner"]
[Black "Fritsch, Wolfgang(36)"]
[Result "1-0"]
[WhiteElo "1896"]
[BlackElo "1729"]
[PlyCount "57"]
[EventDate "2006.07.??"]
[Source "Ganslmayer"]
[SourceDate "2012.12.20"]

1. d4 Nf6 2. Bg5 d5 3. Nc3 Bf5 4. f3 h6 5. Bxf6 exf6 6. e4 Be6 7. Bd3 c6 8.
Nge2 Bb4 9. O-O c5 10. exd5 Bxd5 11. Nxd5 Qxd5 12. c4 Qd7 13. d5 Na6 14. a3 Ba5
15. Ng3 O-O 16. Nf5 h5 17. f4 g6 18. Qf3 Rfe8 19. Rad1 Kf8 20. d6 Re6 21. Bc2
Qc6 22. Qxc6 bxc6 23. Ne7 Bb6 24. f5 Re2 25. Rf2 Rxf2 26. Kxf2 g5 27. Nxc6 Rc8
28. Ba4 Nb8 29. d7 1-0

[Event "18sen.Bay.EM2006 Schney op"]
[Site "Schloss Schney (25.6.-3.7)"]
[Date "2006.06.28"]
[Round "4.18"]
[White "Leuschner, Guenter"]
[Black "Ludwig, Ines"]
[Result "1-0"]
[WhiteElo "1830"]
[BlackElo "1510"]
[PlyCount "51"]
[EventDate "2006.07.??"]
[Source "Ganslmayer"]
[SourceDate "2012.12.20"]

1. d4 d5 2. c4 e6 3. Nf3 c6 4. e3 Bd6 5. Nc3 f5 6. Bd3 Nd7 7. Qc2 Ngf6 8. cxd5
cxd5 9. Bd2 Ne4 10. Rc1 O-O 11. Nb5 Qe7 12. Nxd6 Qxd6 13. Qc7 Qxc7 14. Rxc7 a6
15. Bb4 Re8 16. Ke2 Nb6 17. Rhc1 Rb8 18. Ne5 Nf6 19. Bd6 Ra8 20. b3 Nbd7 21. f3
Nxe5 22. Bxe5 Nd7 23. Bd6 b5 24. g4 fxg4 25. fxg4 h6 26. Bg6 1-0

[Event "18sen.Bay.EM2006 Schney op"]
[Site "Schloss Schney (25.6.-3.7)"]
[Date "2006.06.28"]
[Round "4.19"]
[White "Banfelder, Herbert"]
[Black "Reimann, Guenther(43)"]
[Result "0-1"]
[WhiteElo "1607"]
[BlackElo "1870"]
[PlyCount "42"]
[EventDate "2006.07.??"]
[Source "Ganslmayer"]
[SourceDate "2012.12.20"]

1. Nf3 e6 2. c4 f5 3. g3 Nf6 4. Bg2 c6 5. O-O Be7 6. d3 O-O 7. Nc3 d6 8. Qb3
Kh8 9. Bd2 e5 10. Rad1 Nbd7 11. e4 Qe8 12. Qc2 Nc5 13. b4 fxe4 14. dxe4 Ne6 15.
Qd3 Qh5 16. h3 Nd4 17. Nxd4 exd4 18. Qxd4 Bxh3 19. Qe3 Ng4 20. Qe2 Bxg2 21.
Kxg2 Qh2# 0-1

[Event "18sen.Bay.EM2006 Schney op"]
[Site "Schloss Schney (25.6.-3.7)"]
[Date "2006.06.28"]
[Round "4.20"]
[White "Mahrla, Hans Dr"]
[Black "Stadler, Lothar"]
[Result "0-1"]
[WhiteElo "1678"]
[BlackElo "1790"]
[PlyCount "60"]
[EventDate "2006.07.??"]
[Source "Ganslmayer"]
[SourceDate "2012.12.20"]

1. e4 c5 2. Nf3 d6 3. d4 cxd4 4. Nxd4 Nf6 5. Nc3 a6 6. Be2 e5 7. Nb3 Be7 8. Be3
Be6 9. Nd5 Nxd5 10. exd5 Bd7 11. O-O O-O 12. Nd2 f5 13. f4 g5 14. fxg5 Bxg5 15.
Bxg5 Qxg5 16. Rf3 f4 17. Ne4 Qg6 18. Nf2 Bf5 19. Rc1 Nd7 20. Bd3 e4 21. Rxf4
exd3 22. Nxd3 h5 23. Rf3 h4 24. Qe1 Be4 25. Rf2 h3 26. g3 Rxf2 27. Qxf2 Rf8 28.
Nf4 Qg4 29. Qf1 Bxd5 30. Qxh3 Rxf4 0-1

[Event "18sen.Bay.EM2006 Schney op"]
[Site "Schloss Schney (25.6.-3.7)"]
[Date "2006.06.28"]
[Round "4.21"]
[White "Reer, Erdmann"]
[Black "Harke, Horst"]
[Result "1/2-1/2"]
[WhiteElo "1884"]
[BlackElo "1666"]
[PlyCount "32"]
[EventDate "2006.07.??"]
[Source "Ganslmayer"]
[SourceDate "2012.12.20"]

1. e4 c6 2. d4 d5 3. exd5 cxd5 4. c4 Nc6 5. Nf3 e6 6. c5 b6 7. Bb5 Bd7 8. cxb6
Qxb6 9. Nc3 Bb4 10. Be2 Nf6 11. O-O Bxc3 12. bxc3 Ne4 13. Qc2 Rc8 14. Rb1 Nxd4
15. Nxd4 Qxd4 16. c4 Nc3 1/2-1/2

[Event "18sen.Bay.EM2006 Schney op"]
[Site "Schloss Schney (25.6.-3.7)"]
[Date "2006.06.28"]
[Round "4.23"]
[White "Van Houten, Henk"]
[Black "Aigner, Georg"]
[Result "0-1"]
[WhiteElo "1597"]
[BlackElo "1736"]
[PlyCount "44"]
[EventDate "2006.07.??"]
[Source "Ganslmayer"]
[SourceDate "2012.12.20"]

1. e4 e5 2. Nc3 Nf6 3. Bc4 Bc5 4. Nf3 Nc6 5. d3 d6 6. Na4 Bg4 7. Nxc5 dxc5 8.
Bb5 Qd6 9. Bxc6+ Qxc6 10. Qe2 Nd7 11. h3 Bh5 12. g4 Bg6 13. Nh4 O-O-O 14. Nf5
Bxf5 15. gxf5 g6 16. fxg6 hxg6 17. Bd2 Rh7 18. Qg4 c4 19. Ke2 Kb8 20. f4 Nc5
21. fxe5 cxd3+ 22. cxd3 Qb5 0-1

[Event "18sen.Bay.EM2006 Schney op"]
[Site "Schloss Schney (25.6.-3.7)"]
[Date "2006.06.28"]
[Round "4.24"]
[White "Bauer, Hermann(31)"]
[Black "Dohmel, Wolfgang(39)++"]
[Result "0-1"]
[WhiteElo "1620"]
[BlackElo "1770"]
[PlyCount "52"]
[EventDate "2006.07.??"]
[Source "Ganslmayer"]
[SourceDate "2012.12.20"]

1. Nf3 f5 2. g3 Nf6 3. d3 d6 4. Bg2 e5 5. b3 Be7 6. Bb2 c5 7. e3 Nc6 8. Nbd2
Bd7 9. O-O O-O 10. c3 Qc7 11. Nc4 Rad8 12. Qd2 h6 13. Nh4 Kh7 14. f4 e4 15.
dxe4 Nxe4 16. Qc2 d5 17. Na3 Be6 18. Nf3 Bf6 19. Rad1 Qb6 20. c4 Bxb2 21. Qxb2
dxc4 22. Ne5 cxb3 23. axb3 Rxd1 24. Rxd1 Nxe5 25. Qxe5 Qxb3 26. Bxe4 Qxd1+ 0-1

[Event "18sen.Bay.EM2006 Schney op"]
[Site "Schloss Schney (25.6.-3.7)"]
[Date "2006.06.28"]
[Round "4.25"]
[White "Reichwald, Klaus"]
[Black "Erler, Klaus-Juergen"]
[Result "1/2-1/2"]
[WhiteElo "1749"]
[BlackElo "1627"]
[PlyCount "52"]
[EventDate "2006.07.??"]
[Source "Ganslmayer"]
[SourceDate "2012.12.20"]

1. e4 e6 2. d4 d5 3. Nd2 Nf6 4. e5 Nfd7 5. Ngf3 c5 6. c3 Nc6 7. Be2 Be7 8. O-O
O-O 9. Re1 a6 10. Nf1 b5 11. Ng3 cxd4 12. cxd4 Re8 13. a3 b4 14. a4 a5 15. b3
Ba6 16. Bd3 Bxd3 17. Qxd3 Rc8 18. Bd2 h6 19. h3 Qb6 20. Ne2 Ncb8 21. Rac1 Qa6
22. Qxa6 Nxa6 23. Rxc8 Rxc8 24. Rc1 Rxc1+ 25. Nxc1 f6 26. Nd3 f5 1/2-1/2

[Event "18sen.Bay.EM2006 Schney op"]
[Site "Schloss Schney (25.6.-3.7)"]
[Date "2006.06.28"]
[Round "4.26"]
[White "Gerdes, Hans"]
[Black "Porkristl, Werner"]
[Result "1-0"]
[WhiteElo "1692"]
[BlackElo "1635"]
[PlyCount "89"]
[EventDate "2006.07.??"]
[Source "Ganslmayer"]
[SourceDate "2012.12.20"]

1. e4 c5 2. Nc3 e6 3. f4 Be7 4. Nf3 Nc6 5. d3 Qb6 6. Bd2 d6 7. Be2 Nf6 8. a4 a6
9. b3 O-O 10. Rb1 Nb4 11. h3 Bd7 12. Be3 Nh5 13. O-O Ng3 14. Re1 Bf6 15. e5 Be7
16. Kh2 Nf5 17. Bf2 d5 18. Bf1 d4 19. Ne4 Nd5 20. Qd2 a5 21. g4 Nh6 22. Ng3 Bc6
23. Ng5 Nc3 24. Ra1 Bd5 25. Bg2 f5 26. exf6 Rxf6 27. Nh5 Rg6 28. Bxd5 Nxd5 29.
Bg3 Ne3 30. Ne4 Rf8 31. Bf2 Nd5 32. Rf1 Qd8 33. Bg1 b6 34. Rf3 Qb8 35. Raf1 Bd8
36. Kh1 Bc7 37. f5 exf5 38. gxf5 Rc6 39. f6 Qe8 40. Qg5 Rf7 41. Qxd5 Bb8 42.
Ng5 Rd6 43. Qe4 Qxe4 44. dxe4 Rfd7 45. fxg7 1-0

[Event "18sen.Bay.EM2006 Schney op"]
[Site "Schloss Schney (25.6.-3.7)"]
[Date "2006.06.28"]
[Round "4.27"]
[White "Geisensetter, Kurt"]
[Black "Narr, Irmgard"]
[Result "1/2-1/2"]
[WhiteElo "1644"]
[BlackElo "1513"]
[PlyCount "93"]
[EventDate "2006.07.??"]
[Source "Ganslmayer"]
[SourceDate "2012.12.20"]

1. Nf3 Nf6 2. c4 e6 3. a3 b6 4. e3 Bb7 5. Be2 Be7 6. Nc3 a6 7. d4 O-O 8. O-O d6
9. b4 Nbd7 10. Bb2 Ne4 11. Nxe4 Bxe4 12. Bd3 Bb7 13. Qe2 Nf6 14. Rfd1 c6 15.
Rac1 a5 16. b5 cxb5 17. cxb5 Be4 18. Bxe4 Nxe4 19. Rc6 d5 20. Rdc1 Nd6 21. Nd2
Rb8 22. a4 Nf5 23. Qd3 h5 24. Ba3 h4 25. Bxe7 Qxe7 26. Nf3 Rb7 27. e4 dxe4 28.
Qxe4 Rd8 29. Rc8 Rb8 30. Rxb8 Rxb8 31. Qe5 Rd8 32. h3 Qb4 33. Qc7 Qd6 34. Qxd6
Rxd6 35. Rc8+ Kh7 36. Rc6 Rd7 37. Rxb6 Nxd4 38. Ne5 Rc7 39. Nc6 Nb3 40. Ra6 f6
41. Nxa5 Rc1+ 42. Kh2 Nd2 43. Rc6 Re1 44. f3 Nf1+ 45. Kg1 Ng3+ 46. Kf2 Re2+ 47.
Kg1 1/2-1/2

[Event "18sen.Bay.EM2006 Schney op"]
[Site "Schloss Schney (25.6.-3.7)"]
[Date "2006.06.28"]
[Round "4.28"]
[White "Muenzenberg, Dietrich"]
[Black "Wanner, Georges"]
[Result "1-0"]
[WhiteElo "1697"]
[BlackElo "1593"]
[PlyCount "77"]
[EventDate "2006.07.??"]
[Source "Ganslmayer"]
[SourceDate "2012.12.20"]

1. d4 Nf6 2. Bg5 g6 3. Bxf6 exf6 4. g3 Bg7 5. Bg2 O-O 6. e3 f5 7. Ne2 c6 8. c4
d6 9. Nbc3 Nd7 10. O-O Nf6 11. Rc1 Re8 12. Re1 Ng4 13. a4 a5 14. Nf4 Nf6 15. b3
Bd7 16. Qd3 Rb8 17. Rb1 Re7 18. b4 axb4 19. Rxb4 g5 20. Nfe2 Nh5 21. Reb1 Be8
22. Qxf5 h6 23. Qd3 Qd7 24. f4 gxf4 25. Nxf4 Nxf4 26. exf4 Re3 27. Qxe3 Bxd4
28. Qxd4 c5 29. Qd5 cxb4 30. Rxb4 Qe7 31. Qe4 Qc7 32. Rxb7 Qc5+ 33. Kf1 Rxb7
34. Qxe8+ Kg7 35. Bxb7 Qxc4+ 36. Ne2 Qd3 37. Qe4 Qd1+ 38. Kf2 Qb3 39. a5 1-0